CMOS digital integrated circuits, analysis and design (Record no. 11081)
[ view plain ]
| 000 -LEADER | |
|---|---|
| fixed length control field | 00535 a2200181 4500 |
| 020 ## - INTERNATIONAL STANDARD BOOK NUMBER | |
| International Standard Book Number | 9780070530775 |
| 082 ## - DEWEY DECIMAL CLASSIFICATION NUMBER | |
| Classification number | 621.395 |
| 090 ## - LOCALLY ASSIGNED LC-TYPE CALL NUMBER (OCLC); LOCAL CALL NUMBER (RLIN) | |
| -- | 7278 |
| -- | 7278 |
| 100 ## - MAIN ENTRY--PERSONAL NAME | |
| Personal name | Kang, Sung-Mo |
| 245 ## - TITLE STATEMENT | |
| Title | CMOS digital integrated circuits, analysis and design |
| Statement of responsibility, etc. | Sung -Mo Kang |
| 250 ## - EDITION STATEMENT | |
| Edition statement | 3rd. ed. |
| 260 ## - PUBLICATION, DISTRIBUTION, ETC. | |
| Place of publication, distribution, etc. | New Delhi: |
| Name of publisher, distributor, etc. | Tata McGraw Hill; |
| Date of publication, distribution, etc. | 2012 |
| 300 ## - PHYSICAL DESCRIPTION | |
| Extent | xvi, 655p.: |
| Other physical details | ill.; |
| Dimensions | 24cm. |
| 650 ## - SUBJECT ADDED ENTRY--TOPICAL TERM | |
| Topical term or geographic name entry element | Metal oxide semiconductors, complementary |
| 650 ## - SUBJECT ADDED ENTRY--TOPICAL TERM | |
| Topical term or geographic name entry element | Digital integrated circuits |
| 700 ## - ADDED ENTRY--PERSONAL NAME | |
| Personal name | Leblebici, Yusuf |
| 942 ## - ADDED ENTRY ELEMENTS (KOHA) | |
| Koha item type | Book |
| Call number prefix | 621.395 KAN |
| Withdrawn status | Lost status | Damaged status | Not for loan | Collection code | Permanent Location | Current Location | Shelving location | Date acquired | Source of acquisition | Cost, normal purchase price | Total Checkouts | Total Renewals | Full call number | Barcode | Date last seen | Date last checked out | Price effective from | Koha item type |
|---|---|---|---|---|---|---|---|---|---|---|---|---|---|---|---|---|---|---|
| Central Library (CL) | Central Library (CL) | General Stacks | 08/30/2012 | Allied Book Company | 738.99 | 2 | 2 | 621.395 KAN | SEECS011516 | 01/27/2025 | 09/13/2024 | 01/05/2017 | Book |
